000
00199 a2200097 4500
001
28111
100
_a
McFarlan,
245
_a
Management game
260
_a
_b
Macmillan
_c
1970
090
_c
18808
_d
18808
942
_a
NUST-CAE
_c
M
_c
9789
999
_c
263184
_d
263184